000 00631nam a2200253 a 4500
001 nice12345678
003 IN_TiNIC
005 20260116011312.0
008 050524s0000 dela grp 000 0 urd
020 _a
_c100
082 0 0 _a181.07
_bAZA
100 _aAzad, Abul Kalam
245 _aFalsafa
_b Usool-O-Mubadi Ki Raushni Men
260 _aDelhi
_bChaman Book Depot
_c0000
300 _a112p
500 _aincludes index and biblioraphy
505 2 _aPlus Some Other Tracts
650 _aPhilosophy
650 _aPhilosophy-Islamic
700 1 _aAzad, Abul Kalam
902 _bSRS
942 _cBK
999 _c326
_d326